000 00465nmm a2200157Ia 4500
008 251105s9999||||xx |||||||||||||||||und||
020 _a9789972428630
041 _aspa
100 _aGiusti, Miguel
245 0 _aEl soñado bien, el mal presente
264 _a[Lima, Peru] :
_bPontificia Universidad Católica de Perú,
_c2008
300 _a246 páginas
650 _aPhilosophy, Ethics
856 _uhttps://public.digitaliapublishing.com/a/9854
942 _cCF
999 _c97881
_d97881